000 01757nam a2200241Ia 4500
003 OSt
005 20260220094131.0
008 210210b2004 xxu||||| |||| 00| 0 eng d
020 _a9780552775427
040 _cAL
041 _aeng
082 _a820.33 SWAS
100 _aVikas Swarup
_9256023
245 _aSlumdog millionaire
260 _aGreat Britain
_bBlack Swan
_c2004
300 _a382p
520 _aSLUMDOG MILLIONAIRE is the story of Jamal Malik, an 18 year-old orphan from the slums of Mumbai, who is about to experience the biggest day of his life. With the whole nation watching, he is just one question away from winning a staggering 20 million rupees on India's 'Who Wants to Be a Millionaire?' But when the show breaks for the night, police arrest him on suspicion of cheating; how could a street kid know so much? Desperate to prove his innocence, Jamal tells the story of his life in the slum where he and his brother grew up, of their adventures together on the road, of vicious encounters with local gangs, and of Latika, the girl he loved and lost. Starring Dev Patel, Anil Kapoor, Irrfan Khan, Madhur Mittal, Freida Pinto Director Danny Boyle Special Features: Anamorphic Widescreen - 2.35 Audio: Dolby Digital 5.1 - English Dolby Digital Surround - French Subtitles - English, French, Spanish Additional Release Material: Deleted Scenes: 12 Deleted Scenes Trailers: Forced Trailers: NOTORIOUS, S. DARKO, BOTTLE SHOCK, THE OTHER END OF THE LINE Featurette: Slumdog Cutdown Documentary: Slumdog Dreams: Danny Boyle & the Making of SLUMDOG MILLIONAIRE Runtime: 120 Minutes.
650 _aSlumdog
_9256024
650 _amillionaire
_9256025
690 _aIndian English Fiction
_9256026
906 _a063403
942 _2ddc
_cBK
999 _c135630
_d135630